Bahuvachanam/ (Record no. 4006)

000 -LEADER
fixed length control field 00370nam a22001451a 4500
082 ## - DEWEY DECIMAL CLASSIFICATION NUMBER
Classification number M3
Item number PRA/B
100 ## - MAIN ENTRY--AUTHOR NAME
Personal name Prabhakaran N
245 ## - TITLE STATEMENT
Title Bahuvachanam/
Statement of responsibility, etc by Prabhakaran N
260 ## - PUBLICATION, DISTRIBUTION, ETC. (IMPRINT)
Place of publication Kottayam:
Name of publisher Sahitya Pravartaka Co-operative Society,
Year of publication 1997.
300 ## - PHYSICAL DESCRIPTION
Number of Pages 238p.
650 ## - SUBJECT ADDED ENTRY--TOPICAL TERM
Topical Term Novel Malayalam
650 ## - SUBJECT ADDED ENTRY--TOPICAL TERM
Topical Term Literature Malayalam
650 ## - SUBJECT ADDED ENTRY--TOPICAL TERM
Topical Term Literature
942 ## - ADDED ENTRY ELEMENTS (KOHA)
Koha item type Book
Holdings
Withdrawn status Lost status Damaged status Not for loan Permanent Location Current Location Date acquired Cost, normal purchase price Full call number Accession Number Cost, replacement price Price effective from Koha item type Shelving location
        Sree Sankaracharya University of Sanskrit Sree Sankaracharya University of Sanskrit 08.01.2015 96.00 M3 PRA/B 013709 0.00 08.01.2015 Book  
        Sree Sankaracharya University of Sanskrit Sree Sankaracharya University of Sanskrit 08.01.2015 90.00 M3 PRA/B 039870 0.00 08.01.2015 Book  
        Sree Sankaracharya University of Sanskrit Sree Sankaracharya University of Sanskrit 08.01.2015 96.00 M3 PRA/B 020862 0.00 08.01.2015 Book  
        Sree Sankaracharya University of Sanskrit Sree Sankaracharya University of Sanskrit 21.05.2015 110.00 M3 PRA/B 075681   21.05.2015 Book Stacks
        Sree Sankaracharya University of Sanskrit Sree Sankaracharya University of Sanskrit 04.02.2020 90.00 M3 PRA/B 098629   04.02.2020 Book Stacks